Statistiche per Loghi della squadra nazionale di calcio

Clicka qui per fare il quiz!

Statistiche generali

  • Questo quiz è stato fatto 2.917 volte
  • Il punteggio medio è 16 su 20

Statistiche sulle risposte

Risposta% Corretto
Italia
100%
Turchia
99%
Germania
98%
Belgio
97%
Grecia
95%
Svezia
95%
Inghilterra
93%
Spagna
93%
Brasile
92%
Francia
91%
Portogallo
91%
Russia
87%
Paesi Bassi
82%
Australia
79%
Perù
77%
Stati Uniti
75%
Uruguay
73%
Ecuador
67%
Vietnam
20%
Sudafrica
18%

Distribuzione punteggi

Percentile per numero di risposta

Percentuale di utenti per punteggio

I tuoi punteggi nel tempo

Non hai fatto questo quiz